[Event "Penang Mini op1st"]
[Site "Penang"]
[Date "2018.06.17"]
[Round "8"]
[White "Lim, Feng Wei Ferris"]
[Black "Tan, Jia Yun"]
[Result "0-1"]
[WhiteElo "1231"]
[BlackElo "1663"]
[PlyCount "146"]
[EventDate "2018.06.13"]
[EventType "swiss"]
[EventRounds "9"]
[EventCountry "MAS"]
[SourceTitle "CBM 184 Extra"]
[Source "ChessBase"]
[SourceDate "2018.06.28"]
[SourceVersion "1"]
[SourceVersionDate "2018.06.28"]
[SourceQuality "1"]

1. d4 Nf6 2. c4 g6 3. Nc3 d5 4. cxd5 Nxd5 5. e4 Nxc3 6. bxc3 Bg7 7. Nf3 c5 8. Rb1 0-0 9. Be2 Nc6 10. Be3 Qc7 11. 0-0 Rd8 12. d5 Ne5 13. c4 Ng4 14. Bg5 Nf6 15. e5 Ne4 16. d6 Qc6 17. Bxe7 Nc3 18. Qd3 Nxb1 19. Bxd8 Bf5 20. Qb3 Rxd8 21. Bd3 Nd2 22. Nxd2 Bxd3 23. Qxd3 Bxe5 24. Qd5 Qxd5 25. cxd5 Rxd6 26. Ne4 Rxd5 27. f4 Bd4+ 28. Kh1 Kg7 29. Rd1 b6 30. g4 Rd7 31. Kg2 Re7 32. Kf3 f6 33. h4 h6 34. a4 f5 35. gxf5 gxf5 36. Nd6 Re3+ 37. Kg2 Kg6 38. h5+ Kf6 39. Rd2 a6 40. Nc4 Rb3 41. Nd6 Rb2 42. Rxb2 Bxb2 43. Nc4 Bc1 44. Nxb6 Ke6 45. Kf3 Kd6 46. Nc8+ Kd7 47. Nb6+ Kc6 48. Nc8 Kd5 49. Ne7+ Ke6 50. Ng8 c4 51. Nxh6 c3 52. Nxf5 Kxf5 53. Ke2 Bxf4 54. Kd1 Kg5 55. Kc2 Bd2 56. h6 Kxh6 57. a5 Kg5 58. Kd1 Kf4 59. Kc2 Ke4 60. Kd1 Kd4 61. Kc2 Kc4 62. Kb1 Kb4 63. Kc2 Kxa5 64. Kb3 Kb5 65. Kc2 a5 66. Kb1 a4 67. Kc2 Kb4 68. Kb1 a3 69. Ka1 c2 70. Ka2 Kc4 71. Kxa3 c1Q+ 72. Ka2 Qc2+ 73. Ka1 Bc3# 0-1

[Event "Penang Mini op1st"]
[Site "Penang"]
[Date "2018.06.15"]
[Round "5"]
[White "Koay, Yu Zhe"]
[Black "Tan, Jia Yun"]
[Result "1/2-1/2"]
[WhiteElo "1477"]
[BlackElo "1663"]
[PlyCount "62"]
[EventDate "2018.06.13"]
[EventType "swiss"]
[EventRounds "9"]
[EventCountry "MAS"]
[SourceTitle "CBM 184 Extra"]
[Source "ChessBase"]
[SourceDate "2018.06.28"]
[SourceVersion "1"]
[SourceVersionDate "2018.06.28"]
[SourceQuality "1"]

1. d4 Nf6 2. c4 g6 3. g3 Bg7 4. Bg2 0-0 5. Nf3 d5 6. cxd5 Nxd5 7. 0-0 Nc6 8. e4 Nb6 9. d5 Na5 10. Nc3 c6 11. dxc6 Nxc6 12. Be3 Nc4 13. Qc1 Nxe3 14. Qxe3 Be6 15. Rfd1 Qa5 16. a3 Rfd8 17. Rxd8+ Rxd8 18. Rd1 Bxc3 19. Rxd8+ Qxd8 20. Qxc3 Qd1+ 21. Qe1 Qc2 22. b4 Bg4 23. Nd2 Ne5 24. h3 Be6 25. f4 Nd3 26. Qe3 b6 27. Bf1 Nb2 28. g4 Nc4 29. Nxc4 Bxc4 30. Bxc4 Qxc4 31. Kf2 Qc2+ 1/2-1/2

[Event "Penang Mini op1st"]
[Site "Penang"]
[Date "2018.06.15"]
[Round "4"]
[White "Tan, Jia Yun"]
[Black "Cheah, Eric"]
[Result "0-1"]
[WhiteElo "1663"]
[BlackElo "1991"]
[PlyCount "92"]
[EventDate "2018.06.13"]
[EventType "swiss"]
[EventRounds "9"]
[EventCountry "MAS"]
[SourceTitle "CBM 184 Extra"]
[Source "ChessBase"]
[SourceDate "2018.06.28"]
[SourceVersion "1"]
[SourceVersionDate "2018.06.28"]
[SourceQuality "1"]

1. e4 c5 2. Nf3 e6 3. d4 cxd4 4. Nxd4 Bc5 5. Nb3 Bb6 6. Nc3 Ne7 7. Be2 0-0 8. Bf4 f5 9. Bd6 fxe4 10. Nxe4 Nbc6 11. 0-0 Rf7 12. c4 Nf5 13. c5 Bc7 14. Bh5 g6 15. Bf3 Ne5 16. Be2 b6 17. Nd4 Bb7 18. Nxf5 gxf5 19. cxb6 axb6 20. Bxc7 Qxc7 21. Rc1 Bc6 22. Ng5 Rg7 23. Nf3 Ng4 24. h3 Nf6 25. Qb3 Qb7 26. Kh1 Bd5 27. Qc3 Ne4 28. Qe5 d6 29. Qf4 Rxa2 30. Qh4 Ra8 31. Bd3 Rf8 32. Rg1 Rg6 33. Bxe4 Bxe4 34. Ng5 Bd5 35. Qh5 Qg7 36. Nf3 Qxb2 37. Rc7 Rg7 38. Rxg7+ Qxg7 39. Rb1 Rb8 40. Rg1 b5 41. Qh4 b4 42. Qf4 b3 43. Qxd6 Ra8 44. Qb6 h5 45. Qd4 Qxd4 46. Nxd4 b2 0-1

[Event "Penang Mini op1st"]
[Site "Penang"]
[Date "2018.06.14"]
[Round "3"]
[White "Ng, Tze Han"]
[Black "Tan, Jia Yun"]
[Result "1-0"]
[WhiteElo "2167"]
[BlackElo "1663"]
[PlyCount "57"]
[EventDate "2018.06.13"]
[EventType "swiss"]
[EventRounds "9"]
[EventCountry "MAS"]
[SourceTitle "CBM 184 Extra"]
[Source "ChessBase"]
[SourceDate "2018.06.28"]
[SourceVersion "1"]
[SourceVersionDate "2018.06.28"]
[SourceQuality "1"]

1. Nf3 Nf6 2. c4 g6 3. b3 Bg7 4. Bb2 0-0 5. g3 c5 6. Bg2 Nc6 7. 0-0 d6 8. d4 cxd4 9. Nxd4 Bd7 10. Nc2 Qc8 11. Re1 Rb8 12. Nc3 Ne5 13. e4 Bh3 14. f3 Re8 15. Ne3 a6 16. Rc1 Bxg2 17. Kxg2 Qe6 18. Qe2 Nc6 19. Ncd5 Rbc8 20. Nb6 Rcd8 21. Ned5 Nxe4 22. fxe4 Bxb2 23. Qxb2 Qe5 24. Qxe5 Nxe5 25. Rcd1 Nd7 26. Nxd7 Rxd7 27. e5 dxe5 28. Nf6+ exf6 29. Rxd7 1-0

[Event "Penang op 7th"]
[Site "Penang"]
[Date "2015.12.11"]
[Round "7"]
[White "Ong, Way Justin"]
[Black "Tan, Jia Yun"]
[Result "1/2-1/2"]
[WhiteElo "1911"]
[BlackElo "1652"]
[PlyCount "77"]
[EventDate "2015.12.07"]
[EventType "swiss"]
[EventRounds "9"]
[EventCountry "MAS"]
[SourceTitle "CBM 169 Extra"]
[Source "ChessBase"]
[SourceDate "2015.12.18"]
[SourceVersion "1"]
[SourceVersionDate "2015.12.18"]
[SourceQuality "1"]

1. e4 c5 2. Nf3 d6 3. d4 cxd4 4. Nxd4 Nf6 5. Nc3 g6 6. Be3 Bg7 7. f3 0-0 8. Bc4 Nc6 9. Qd2 Bd7 10. 0-0-0 Qa5 11. g4 Rac8 12. Nxc6 Bxc6 13. Bb3 b5 14. h4 b4 15. Ne2 Ba4 16. Kb1 Bxb3 17. cxb3 Rc6 18. a4 h5 19. g5 Nd7 20. Nd4 Rcc8 21. Rc1 Nc5 22. Ka2 Nxa4 23. bxa4 Qxa4+ 24. Kb1 b3 25. Nxb3 Qxb3 26. Rxc8 Rxc8 27. Rc1 Rxc1+ 28. Qxc1 Qd3+ 29. Ka2 Qa6+ 30. Kb3 Qb7+ 31. Kc2 a6 32. b3 d5 33. exd5 Qxd5 34. Qd1 Qe5 35. Kd3 Qd6+ 36. Ke2 Bc3 37. Qxd6 exd6 38. Kd3 Bb4 39. Kc4 1/2-1/2

[Event "Penang op 7th"]
[Site "Penang"]
[Date "2015.12.09"]
[Round "5"]
[White "Frost, Peter"]
[Black "Tan, Jia Yun"]
[Result "1/2-1/2"]
[WhiteElo "1912"]
[BlackElo "1652"]
[PlyCount "91"]
[EventDate "2015.12.07"]
[EventType "swiss"]
[EventRounds "9"]
[EventCountry "MAS"]
[SourceTitle "CBM 169 Extra"]
[Source "ChessBase"]
[SourceDate "2015.12.18"]
[SourceVersion "1"]
[SourceVersionDate "2015.12.18"]
[SourceQuality "1"]

1. e4 c5 2. Nf3 d6 3. d4 cxd4 4. Nxd4 Nf6 5. Nc3 g6 6. Be2 Bg7 7. 0-0 0-0 8. Be3 Nc6 9. Nb3 a6 10. f3 b5 11. Re1 Bb7 12. a4 b4 13. Nd5 Nxd5 14. exd5 Nb8 15. Bd4 Bxd4+ 16. Qxd4 a5 17. Bb5 Nd7 18. Rad1 Nf6 19. Bc4 Rc8 20. Nd2 Rc5 21. Ne4 Nxe4 22. fxe4 Qc8 23. Bb3 Ba6 24. e5 Qf5 25. exd6 exd6 26. Re3 Qc8 27. h4 Bc4 28. Qf6 Bxb3 29. cxb3 Rc1 30. Rde1 Rxe1+ 31. Rxe1 Qc5+ 32. Kh1 Qxd5 33. Re7 Qd1+ 34. Kh2 d5 35. Rd7 Qxb3 36. h5 Qd1 37. Qe5 Qxh5+ 38. Qxh5 gxh5 39. Rxd5 Ra8 40. Rxh5 Kg7 41. Kh3 Ra6 42. Kg4 h6 43. Rb5 Kg6 44. g3 Kf6 45. Kf4 Ke6 46. Ke4 1/2-1/2

[Event "Penang op 7th"]
[Site "Penang"]
[Date "2015.12.08"]
[Round "2"]
[White "Tan, Jia Yun"]
[Black "Lee, Jun Wei"]
[Result "1-0"]
[WhiteElo "1652"]
[BlackElo "1968"]
[PlyCount "81"]
[EventDate "2015.12.07"]
[EventType "swiss"]
[EventRounds "9"]
[EventCountry "MAS"]
[SourceTitle "CBM 169 Extra"]
[Source "ChessBase"]
[SourceDate "2015.12.18"]
[SourceVersion "1"]
[SourceVersionDate "2015.12.18"]
[SourceQuality "1"]

1. e4 c5 2. Nf3 e6 3. d4 cxd4 4. Nxd4 a6 5. Nc3 Qc7 6. Be2 Nf6 7. 0-0 Be7 8. Be3 0-0 9. f4 d6 10. Qe1 Nbd7 11. Qg3 Re8 12. Bf3 Bf8 13. Rad1 e5 14. Nf5 Nc5 15. Kh1 Bxf5 16. exf5 e4 17. Be2 Ncd7 18. Qf2 b5 19. a3 Nc5 20. g4 Na4 21. Nxa4 bxa4 22. g5 Nd7 23. Bd4 d5 24. Bc3 Qc6 25. f6 g6 26. Qg2 Rad8 27. Ba5 Rb8 28. Bc3 Nc5 29. Be5 Rbd8 30. Qf2 Ne6 31. c3 Nxg5 32. Qg2 Ne6 33. f5 Nc5 34. Bd4 Nb3 35. fxg6 hxg6 36. Bh5 Kh7 37. Bxg6+ fxg6 38. Qh3+ Bh6 39. Be3 Rc8 40. Qxh6+ Kg8 41. Qg7# 1-0

[Event "Penang op 6th"]
[Site "Penang"]
[Date "2014.12.12"]
[Round "9"]
[White "Chee, Yi Hun"]
[Black "Tan, Jia Yun"]
[Result "0-1"]
[WhiteElo "1688"]
[BlackElo "1616"]
[PlyCount "84"]
[EventDate "2014.12.08"]
[EventType "swiss"]
[EventRounds "9"]
[EventCountry "MAS"]
[SourceTitle "CBM 163 Extra"]
[Source "ChessBase"]
[SourceDate "2014.12.23"]
[SourceVersion "1"]
[SourceVersionDate "2014.12.23"]
[SourceQuality "1"]

1. e4 c5 2. Nf3 d6 3. d4 cxd4 4. Nxd4 Nf6 5. Nc3 Nc6 6. Be2 g6 7. 0-0 Bg7 8. Be3 0-0 9. f4 a6 10. Rb1 Qc7 11. f5 b5 12. fxg6 hxg6 13. Nd5 Nxd5 14. exd5 Nxd4 15. Bxd4 Bxd4+ 16. Qxd4 Qxc2 17. Bd3 Qc5 18. Qxc5 dxc5 19. Rbe1 Ra7 20. Re5 c4 21. Bc2 Rd7 22. Rfe1 Kg7 23. Rxe7 Rxd5 24. Kf2 Kf6 25. b3 c3 26. a4 b4 27. R7e4 Rfd8 28. R1e2 a5 29. Rf4+ Kg7 30. Ke3 g5 31. Re4 Rd2 32. Rf2 Bf5 33. h3 Bxe4 34. Bxe4 Rxf2 35. Kxf2 Rd2+ 36. Ke3 Kf6 37. g3 Ke5 38. g4 Rb2 39. Bd3 Rxb3 40. Bc4 c2+ 41. Kd2 Rc3 42. Kc1 Rxc4 0-1

[Event "Penang op 6th"]
[Site "Penang"]
[Date "2014.12.12"]
[Round "8"]
[White "Tan, Jia Yun"]
[Black "Srivatanakul, Pricha"]
[Result "1-0"]
[WhiteElo "1616"]
[BlackElo "1714"]
[PlyCount "68"]
[EventDate "2014.12.08"]
[EventType "swiss"]
[EventRounds "9"]
[EventCountry "MAS"]
[SourceTitle "CBM 163 Extra"]
[Source "ChessBase"]
[SourceDate "2014.12.23"]
[SourceVersion "1"]
[SourceVersionDate "2014.12.23"]
[SourceQuality "1"]

1. e4 b6 2. d4 Bb7 3. Nc3 e6 4. Bd3 a5 5. Nf3 a4 6. a3 g6 7. Bg5 Qc8 8. Qd2 Bg7 9. 0-0-0 h6 10. Be3 g5 11. Bb5 Bc6 12. Rhe1 Ne7 13. Bxc6 dxc6 14. d5 0-0 15. Bd4 f6 16. dxe6 Qxe6 17. Be3 c5 18. Nd5 Re8 19. Qd3 Ra5 20. Bd2 Qd7 21. Bxa5 bxa5 22. Nc3 Qg4 23. Nb1 Nbc6 24. Nfd2 f5 25. Nc4 Rb8 26. c3 Ne5 27. Qe2 Nxc4 28. Qxc4+ Kh7 29. Rd7 Nc6 30. exf5 Rb3 31. Qe6 Ne5 32. f6 Rb6 33. Qf5+ Ng6 34. fxg7 Kg8 1-0

[Event "Penang op 6th"]
[Site "Penang"]
[Date "2014.12.11"]
[Round "7"]
[White "Chuah, Hao Feng"]
[Black "Tan, Jia Yun"]
[Result "1-0"]
[WhiteElo "1735"]
[BlackElo "1616"]
[PlyCount "39"]
[EventDate "2014.12.08"]
[EventType "swiss"]
[EventRounds "9"]
[EventCountry "MAS"]
[SourceTitle "CBM 163 Extra"]
[Source "ChessBase"]
[SourceDate "2014.12.23"]
[SourceVersion "1"]
[SourceVersionDate "2014.12.23"]
[SourceQuality "1"]

1. e4 c5 2. Nf3 d6 3. d4 cxd4 4. Nxd4 Nf6 5. Nc3 Nc6 6. Bc4 g6 7. Be3 Bg7 8. f3 0-0 9. Qd2 Bd7 10. 0-0-0 Ne5 11. Bb3 Qa5 12. h4 Rfc8 13. h5 Nxh5 14. g4 Nf6 15. Bh6 Nc4 16. Bxc4 Rxc4 17. Bxg7 Rxc3 18. Bxf6 Rxc2+ 19. Nxc2 exf6 20. Qxa5 1-0

[Event "Penang op 6th"]
[Site "Penang"]
[Date "2014.12.08"]
[Round "1"]
[White "Amgalanbaatar, Ravdanlkhumbuu"]
[Black "Tan, Jia Yun"]
[Result "1/2-1/2"]
[WhiteElo "2169"]
[BlackElo "1616"]
[PlyCount "100"]
[EventDate "2014.12.08"]
[EventType "swiss"]
[EventRounds "9"]
[EventCountry "MAS"]
[SourceTitle "CBM 163 Extra"]
[Source "ChessBase"]
[SourceDate "2014.12.23"]
[SourceVersion "1"]
[SourceVersionDate "2014.12.23"]
[SourceQuality "1"]

1. e4 c5 2. Nf3 Nc6 3. Nc3 d6 4. d3 Nf6 5. g3 g6 6. Bg2 Bg7 7. 0-0 0-0 8. h4 a6 9. Bg5 Be6 10. Qd2 Qd7 11. Bh6 b5 12. Rae1 Rac8 13. Bxg7 Kxg7 14. Ng5 Nd4 15. f4 Bg4 16. Nd1 Qa7 17. Ne3 Bd7 18. f5 c4 19. fxg6 hxg6 20. c3 Nc6 21. d4 Qc7 22. Nd5 Qd8 23. Rf4 Nh5 24. Rxf7+ Rxf7 25. Nxf7 Kxf7 26. Qh6 Qh8 27. Rf1+ Nf6 28. Qf4 Rf8 29. Nxe7 Kxe7 30. e5 dxe5 31. dxe5 Ng4 32. Qg5+ Ke8 33. Qxg6+ Ke7 34. Qd6+ Ke8 35. Rd1 Ngxe5 36. Bxc6 Qg7 37. Bxd7+ Kf7 38. Be6+ Kg6 39. Rd5 Nf7 40. Kg2 Kh7 41. Rh5+ Kg6 42. Bf5+ Kxh5 43. g4+ Kxh4 44. Qg3+ Kg5 45. Qf3 Qe5 46. Qc6 Qe2+ 47. Kg1 Qe1+ 48. Kg2 Qe2+ 49. Kg1 Qe1+ 50. Kg2 Qe2+ 1/2-1/2